| 000 | 00591nam a2200181 a 4500 | ||
|---|---|---|---|
| 001 | 5644 | ||
| 003 | CDMR | ||
| 005 | 20131030174713.0 | ||
| 008 | 130130s1995||||||||||||||||||||||||||||d | ||
| 040 |
_aCDMR _bcat _cCDMR |
||
| 245 | 4 |
_aUna historia que no ha acabado _b: pauta de empleo de hombres y mujeres en los medios de comunicación |
|
| 260 |
_aParis _c1995 _bUNESCO |
||
| 490 | 0 |
_aEstudios y documentos de comunicación social _v110 |
|
| 650 | 0 | 4 |
_92913 _aDones periodistes |
| 650 | 0 | 4 |
_94233 _aDones en el periodisme |
| 650 | 0 | 4 |
_92030 _aPeriodisme _xOrientació professional |
| 942 |
_cMON _2udc |
||
| 999 |
_c5644 _d5644 |
||